Géographie: Pays frontaliers des pays à 4 frontières #1 - Statistiques

Statistiques générales
  • Ce quiz a été pris 297 fois
  • Le résultat moyen est 29 sur 32
Statistiques - réponses
Pays Réponse % Correct
Belgique France
100%
Belgique Pays-Bas
99%
Belgique Allemagne
98%
Belgique Luxembourg
98%
Géorgie Russie
98%
Lettonie Russie
98%
Lettonie Estonie
97%
Lettonie Lituanie
97%
Pakistan Inde
94%
Grèce Turquie
93%
Géorgie Turquie
93%
Pakistan Afghanistan
92%
Grèce Albanie
91%
Guatemala Honduras
91%
Botswana Afrique du Sud
89%
Géorgie Arménie
89%
Pakistan Iran
89%
Grèce Macédoine du Nord
89%
Lettonie Biélorussie
88%
Grèce Bulgarie
88%
Guatemala Mexique
88%
Géorgie Azerbaïdjan
87%
Guatemala Belize
86%
Bénin Togo
86%
Botswana Zimbabwe
86%
Bénin Niger
85%
Botswana Namibie
84%
Guatemala Salvador
82%
Botswana Zambie
82%
Bénin Nigeria
81%
Pakistan Chine
80%
Bénin Burkina Faso
78%
Aucun quiz correspondant
Distribution des résultats
% des personnes avec chaque résultat
Percentile par nombre de réponses
Votre historique - résultats
Vous n’avez pas pris ce quiz